[Event "Tourn. n9841"]
[Site "www.echecsemail.com"]
[Date "2018.06.19"]
[Round "1"]
[White "Ffdd65"]
[Black "Bojan"]
[WhiteElo "2160"]
[BlackElo "2000"]
[Result "1-0"]
[Round "1"]
1.e4 e5
2.Ng1f3 d6
3.Bf1c4 Nb8c6
4.d3 Nc6a5
5.Bc4b3 Na5xb3
6.axb3 h6
7.O-O Ng8f6
8.Nb1c3 Nf6h7
9.Bc1e3 Qd8f6
10.Nc3d5 Qf6d8
11.Be3xa7 Bc8e6
12.Nd5c3 c6
13.Ba7e3 Bf8e7
14.Ra1a4 O-O
15.Qd1a1 Nh7f6
16.h3 Be6d7
17.Ra4a7 Qd8c8
18.Nc3a4 Be7d8
19.Be3b6 Ra8xa7
20.Bb6xa7 b5
21.Na4b6 Qc8b7
22.Nb6xd7 Qb7xd7
23.Ba7e3 Qd7b7
24.Qa1c1 Bd8e7
25.Nf3h4 Nf6d7
26.Nh4f5 Nd7f6
27.Be3xh6 Nf6h5
28.g4 gxh6
29.Qc1xh6 f6
30.Qh6g6 Kh8
31.Qg6xh5 Kg8
32.Qh5g6 { resign }
1-0

[Event "Tourn. n9800"]
[Site "www.echecsemail.com"]
[Date "2018.06.19"]
[Round "1"]
[White "Aniruddhadg"]
[Black "Pdebonis"]
[WhiteElo "2570"]
[BlackElo "2690"]
[Result "1/2-1/2"]
[Round "1"]
1.d4 d5
2.Ng1f3 Ng8f6
3.c4 e6
4.Nb1c3 Bf8e7
5.Bc1g5 h6
6.Bg5h4 O-O
7.e3 b6
8.cxd5 Nf6xd5
9.Nc3xd5 exd5
10.Bh4xe7 Qd8xe7
11.Ra1c1 Bc8e6
12.Bf1d3 c5
13.b3 Nb8d7
14.O-O Nd7f6
15.Nf3e5 Ra8c8
16.Rf1e1 Nf6d7
17.Ne5f3 Nd7f6
18.h3 Rf8d8
19.Qd1e2 Qe7d6
20.Re1f1 Rc8c7
21.Rc1c2 { draw }
1/2-1/2

[Event "Tourn. n9840"]
[Site "www.echecsemail.com"]
[Date "2018.06.19"]
[Round "1"]
[White "Juheset"]
[Black "Andychesston"]
[WhiteElo "2010"]
[BlackElo "2040"]
[Result "0-1"]
[Round "1"]
1.e4 e5
2.d4 d5
3.dxe5 d4
4.c3 Nb8c6
5.cxd4 Nc6xd4
6.Bc1e3 Bf8b4
7.Nb1d2 c5
8.a3 Bb4xd2
9.Be3xd2 Bc8e6
10.Qd1a4 Qd8d7
11.Qa4d1 Be6b3
12.Qd1c1 Nd4c2
13.Ke2 Ra8d8
14.Kf3 f5
15.exf6 Ng8xf6
16.Bd2g5 Qd7g4

0-1

[Event "Tourn. n9852"]
[Site "www.echecsemail.com"]
[Date "2018.06.19"]
[Round "1"]
[White "Bojan"]
[Black "Tonino1"]
[WhiteElo "2030"]
[BlackElo "2230"]
[Result "0-1"]
[Round "1"]
1.e4 d6
2.d4 Ng8f6
3.f3 c6
4.Bc1d2 Qd8c7
5.Bf1d3 e5
6.Bd2e3 g6
7.Qd1d2 Bf8g7
8.dxe5 dxe5
9.Be3c5 b6
10.Bc5a3 Bc8a6
11.Nb1c3 Nb8d7
12.Bd3xa6 Ra8d8
13.Ba6c4 Nd7c5
14.Qd2e2 O-O
15.b4 Nc5e6
16.Bc4xe6 fxe6
17.Ng1h3 b5
18.Nh3g5 Qc7e7
19.O-O Rd8d4
20.Ra1b1 Nf6d7
21.Ng5h3 a5
22.Ba3b2 Qe7xb4
23.Bb2a1 Qb4c5
24.Qe2e3 Rf8d8
25.Nc3e2 Rd4a4
26.Qe3xc5 Nd7xc5
27.Ne2c3 Ra4c4
28.Nh3g5 b4
29.Nc3d1 Rc4xc2
30.Rb1b2 Rd8d2
31.Rb2xc2 Rd2xc2
32.Nd1b2 a4
33.Rf1d1 a3
34.Rd1d8 Bg7f8
35.Rd8d1 axb2
{ resign }
0-1

[Event "Tourn. n9845"]
[Site "www.echecsemail.com"]
[Date "2018.06.19"]
[Round "1"]
[White "Coolant"]
[Black "Tartan"]
[WhiteElo "2340"]
[BlackElo "2510"]
[Result "0-1"]
[Round "1"]
1.Nb1c3 d5
2.d4 Bc8f5
3.f3 Ng8f6
4.g4 Bf5g6
5.g5 Nf6d7
6.Nc3xd5 e6
7.Nd5f4 Qd8xg5
8.Nf4xg6 Qg5xg6
9.e4 Bf8e7
10.Bc1f4 Be7h4
11.Ke2 Nb8c6
12.Ng1h3 e5
13.dxe5 Nd7xe5
14.Rh1g1 Qg6h5
15.Bf4xe5 Qh5xe5
16.c3 Qe5b5
17.Ke3 Qb5b6
18.Kf4 g5
19.Rg1xg5 Bh4xg5
20.Nh3xg5 Qb6xb2
21.Qd1d5 O-O
22.Qd5f5 Qb2xh2
23.Ke3 Ra8d8
24.Bf1e2 Nc6e5
25.f4 Qh2g3
26.Be2f3 Ne5c4
{ resign }
0-1

[Event "Match"]
[Site "www.echecsemail.com"]
[Date "2018.06.19"]
[Round "1"]
[White "Ztornad"]
[Black "Caspito"]
[WhiteElo "1760"]
[BlackElo "1930"]
[Result "1/2-1/2"]
[Round "1"]
1.e3 d5
2.Bf1b5 c6
3.Bb5d3 e5
4.f3 Bf8d6
5.Nb1c3 e4
6.fxe4 Qd8h4
7.Kf1 Bd6xh2
8.Ng1f3 Qh4g3
9.Qd1e2 dxe4
10.Nc3xe4 Qg3c7
11.Nf3xh2 Ng8e7
12.Ne4g5 g6
13.b3 Bc8d7
14.Bc1b2 Rh8g8
15.Ng5xh7 Kd8
16.Nh7f6 Rg8f8
17.Nh2g4 Bd7e6
18.Nf6e4 f5
19.Ne4f6 Nb8d7
20.Ng4f2 Nd7xf6
21.Bd3c4 Be6xc4
22.bxc4 Qc7b6
23.Nf2d1 Nf6e4
24.Rh1h3 Qb6c7
25.Kg1 c5
26.Qe2d3 Qc7d6
27.Qd3xd6 Ne4xd6
28.d4 Nd6xc4
29.Bb2c3 b6
30.a4 Ne7d5
31.Bc3e1 Kd7
32.Be1f2 Rf8h8
33.dxc5 Rh8xh3
34.gxh3 Ra8h8
35.Kg2 bxc5
36.e4 Nd5f4
37.Kg3 Nf4e2
38.Kg2 Ne2f4
39.Kf3 Nf4xh3
40.Bf2xc5 Kc6
41.Bc5xa7 Rh8a8
42.Ba7d4 fxe4
43.Kxe4 Nc4a5
44.Bd4f6 Ra8e8
45.Kd3 g5
46.Ra1b1 g4
47.Bf6h4 Nh3f4
48.Kd4 Nf4g6
49.Nd1e3 Ng6xh4
50.Ne3xg4 Nh4f3
51.Kd3 Na5b7
52.Rb1b4 Nb7c5
53.Kc3 Re8g8
54.Rb4f4 Rg8e8
55.Rf4xf3 Nc5xa4
56.Kb4 Re8e4
57.c4 { draw }
1/2-1/2

[Event "Match"]
[Site "www.echecsemail.com"]
[Date "2018.06.19"]
[Round "1"]
[White "Virgil08bv"]
[Black "Tonino1"]
[WhiteElo "2499"]
[BlackElo "2200"]
[Result "1-0"]
[Round "1"]
1.e4 d6
2.d4 Ng8f6
3.Nb1c3 c6
4.f4 Qd8c7
5.Ng1f3 g6
6.Bf1d3 Bf8g7
7.O-O O-O
8.Qd1e1 Nb8d7
9.e5 dxe5
10.fxe5 Nf6d5
11.Qe1h4 Nd5xc3
12.bxc3 e6
13.Nf3g5 h6
14.Ng5xf7 Rf8xf7
15.Rf1xf7 Kxf7
16.Bc1xh6 Bg7xh6
17.Qh4xh6 Nd7f8
18.Ra1f1 Ke7
19.Qh6xf8  { time }
1-0

[Event "Tourn. n9809"]
[Site "www.echecsemail.com"]
[Date "2018.06.19"]
[Round "1"]
[White "Traub"]
[Black "Passaroa25"]
[WhiteElo "1550"]
[BlackElo "1560"]
[Result "0-1"]
[Round "1"]
1.e4 Ng8f6
2.e5 Nf6d5
3.d4 e6
4.Ng1f3 h6
5.c4 Nd5b6
6.Nb1c3 Bf8b4
7.Bc1d2 c6
8.a3 Bb4e7
9.b4 g5
10.Bf1d3 d6
11.Qd1c2 f5
12.exf6 Be7xf6
13.O-O-O Ke7
14.Rh1e1 Rh8f8
15.d5 e5
16.dxc6 { time. }
0-1

[Event "Match"]
[Site "www.echecsemail.com"]
[Date "2018.06.19"]
[Round "1"]
[White "Kipik"]
[Black "Pinehill"]
[WhiteElo "1920"]
[BlackElo "2070"]
[Result "1-0"]
[Round "1"]
1.e4 d5
2.exd5 Ng8f6
3.d4 Qd8xd5
4.Ng1f3 Bc8g4
5.Bf1e2 e6
6.h3 Bg4f5
7.c4 Qd5e4
8.Nb1c3 Qe4c2
9.Qd1xc2 c6
10.Be2d3 Bf5xd3
11.Qc2xd3 Bf8b4
12.O-O Bb4xc3
13.bxc3 O-O
14.Nf3e5 { resign }
1-0

[Event "Tourn. n9815"]
[Site "www.echecsemail.com"]
[Date "2018.06.19"]
[Round "1"]
[White "Hundegana"]
[Black "Tonino1"]
[WhiteElo "2070"]
[BlackElo "2000"]
[Result "0-1"]
[Round "1"]
1.e3 d6
2.c4 Ng8f6
3.g3 g6
4.b3 Bf8g7
5.Nb1c3 O-O
6.Bc1b2 c6
7.Bf1g2 Qd8c7
8.Ng1e2 e5
9.O-O Bc8e6
10.f3 Nb8d7
11.d4 Nd7b6
12.Qd1d2 Ra8d8
13.Ra1d1 Rd8d7
14.d5 cxd5
15.cxd5 Nf6xd5
16.Nc3xd5 Be6xd5
17.Qd2a5 Bd5c6
18.Kh1 f5
19.Rd1c1 a6
20.Kg1 Nb6d5
21.Qa5xc7 Rd7xc7
22.Kf2 Nd5b4
23.Rf1d1 Rc7d7
24.a3 Nb4d5
25.Ne2c3 Nd5f6
26.Rd1d2 Rf8d8
27.Rc1d1 d5
28.Nc3b1 e4
29.Bb2xf6 Bg7xf6
30.fxe4 dxe4
31.Rd2xd7 Rd8xd7
32.Rd1xd7 Bc6xd7
33.Ke2 Bf6b2
34.Kd2 Bd7b5
35.Kc2 Bb2f6
36.Nb1d2 Bb5d3
37.Kc1 Bf6g5
38.Nd2f1 Bd3xf1
39.Bg2xf1 Bg5xe3
40.Kd1 Kf7
41.Bf1c4 Kf6
42.Bc4g8 b6
43.Ke2 Be3c1
44.a4 a5
45.h3 h6
46.g4 f4
47.Bg8d5 Ke5
48.Bd5c4 f3
49.Kf2 Kf4
50.Bc4f1 e3
51.Kg1 e2
52.Bf1xe2 fxe2
53.Kf2 e1Q
54.Kxe1 Kg3
55.Kd1 Bc1f4
56.g5 Bf4xg5
57.Kc2 Kxh3
58.Kc3 Bg5e7
59.Kc4 g5
60.Kb5 Be7c5
61.Kc4 g4
62.Kd3 g3
63.Kc4 g2
64.Kb5 g1Q
65.b4 axb4
66.a5 bxa5
67.Kxa5 b3
68.Kb5 b2
69.Kc6 b1Q
70.Kc7 Qb1b6
71.Kd7 Qg1g7
72.Kc8 Qg7c7
{ resign }
0-1

[Event "Fast Game"]
[Site "www.echecsemail.com"]
[Date "2018.06.19"]
[Round "1"]
[White "Enting"]
[Black "Hennie4820"]
[WhiteElo "1599"]
[BlackElo "1730"]
[Result "0-1"]
[Round "1"]
1.d4 Ng8f6
2.c4 g6
3.Nb1c3 Bf8g7
4.Ng1f3 O-O
5.e3 d6
6.Bc1d2 Nb8d7
7.Bf1d3 e5
8.dxe5 dxe5
9.e4 c6
10.Qd1c2 Rf8e8
11.O-O-O Nd7c5
 { time }
0-1

[Event "Fast Game"]
[Site "www.echecsemail.com"]
[Date "2018.06.19"]
[Round "1"]
[White "Dougbeer"]
[Black "Stevep84"]
[WhiteElo "1929"]
[BlackElo "2070"]
[Result "1-0"]
[Round "1"]
1.e4 c6
2.c4 d5
3.exd5 cxd5
4.cxd5 Qd8xd5
5.Nb1c3 Qd5a5
6.d4 Ng8f6
7.Ng1f3 Bc8f5
8.Qd1b3 Qa5c7
9.Bc1f4 Qc7b6
10.Bf1b5 Bf5d7
11.Ra1c1 Nb8c6
12.d5 Nc6d4
13.Nf3xd4 Qb6xd4
14.Bb5xd7 Nf6xd7
15.Qb3xb7 Qd4xf4
16.Qb7xa8 Nd7b8
17.O-O Qf4c7
18.Nc3b5 Qc7b6
19.Rc1c8 Kd7
20.Rc8xb8 { resign }
1-0

[Event "Tourn. n9774"]
[Site "www.chess-mail.com"]
[Date "2018.06.20"]
[Round "1"]
[White "Gvladutz"]
[Black "Virgil08bv"]
[WhiteElo "2540"]
[BlackElo "2429"]
[Result "0-1"]
[Round "1"]
1.d4 Ng8f6
2.c4 e6
3.Ng1f3 b6
4.g3 Bf8b4
5.Bc1d2 a5
6.Bf1g2 Bc8b7
7.O-O O-O
8.Bd2f4 Bb4e7
9.Nb1c3 Nf6e4
10.Qd1c2 Ne4xc3
11.Qc2xc3 d6
12.Qc3d3 f5
13.Rf1d1 Be7f6
14.Ra1c1 Nb8c6
15.Qd3b3 a4
16.Qb3a3 h6
17.c5 bxc5
18.dxc5 d5
19.Qa3e3 Rf8e8
20.Bf4e5 Bb7a6
21.Rc1c2 g5
22.Be5c3 Qd8e7
23.Nf3e5 Bf6xe5
24.Bc3xe5 Nc6xe5
25.Qe3xe5 Qe7g7
26.Qe5e3 Ba6b5
27.Qe3d2 c6
28.e3 Re8b8
29.f4 g4
30.Qd2d4 Bb5c4
31.Rc2xc4 dxc4
32.Qd4xc4 Rb8d8
33.Rd1d6 Rd8xd6
34.cxd6 Qg7f6
35.Qc4xc6 Ra8b8
36.d7 Rb8d8
37.Bg2f1 Kf7
38.Qc6c7 Ke7
39.Qc7c2 a3
40.Qc2c5 Kf7
41.Qc5xa3 Rd8xd7
42.Qa3a4 Qf6e7
43.Qa4c2 Qe7b4
44.Qc2c8 Qb4d2
45.Kh1 Rd7d8
46.Qc8c7 Qd2d7
47.Qc7xd7 Rd8xd7
48.a4 Rd7d1
49.Kg1 Rd1b1
50.a5 Rb1xb2
51.a6 Rb2a2
52.Bf1c4 Ra2a4
53.Bc4b5 Ra4a5
54.Bb5c4 Ke7
55.Kf2 Ra5a4
56.Bc4b5 Ra4a2
57.Ke1 Kd6
58.Bb5c4 Ra2a4
59.Bc4b5 Ra4a3
60.Kf2 Kc5
61.Bb5f1 Kb4
62.Bf1e2 h5
63.Be2f1 Kc5
64.Bf1e2 Kd5
65.Be2b5 Ra3a2
66.Kg1 Ke4
67.Bb5c4 Ra2a4
68.Bc4xe6 Ra4xa6
69.Be6f7 Kf3
70.Bf7d5 Kxe3
71.h4 gxh3
72.Kh2 h4
73.gxh4 Kxf4
74.Kxh3 Ra6a3
75.Kg2 Kg4
{ resign }
0-1

[Event "Match"]
[Site "www.echecsemail.com"]
[Date "2018.06.20"]
[Round "1"]
[White "Mdesouza"]
[Black "Lcbunghai"]
[WhiteElo "2310"]
[BlackElo "2070"]
[Result "0-1"]
[Round "1"]
1.e4 e5
2.Ng1f3 Nb8c6
3.Bf1b5 a6
4.Bb5a4 b5
5.Ba4b3 d6
6.c3 Nc6a5
7.Bb3c2 c5
8.d4 cxd4
9.cxd4 exd4
10.O-O Bc8g4
11.Qd1xd4 Bg4xf3
12.gxf3 Ra8c8
13.Nb1c3 Ng8f6
14.Bc1g5 Bf8e7
15.Ra1d1 Na5c6
16.Qd4d2 Nc6e5
17.Qd2e2 b4
18.Bg5xf6 Be7xf6
19.Nc3d5 Rc8xc2
20.Qe2xc2 Ne5xf3
21.Kg2 Nf3h4
22.Kh1 a5
23.Qc2c6 Kf8
24.Nd5xf6 gxf6
 { time }
0-1

[Event "Tourn. n9807"]
[Site "www.echecsemail.com"]
[Date "2018.06.20"]
[Round "1"]
[White "Coolant"]
[Black "Paulsyd"]
[WhiteElo "2370"]
[BlackElo "2510"]
[Result "0-1"]
[Round "1"]
1.c4 Ng8f6
2.Nb1c3 g6
3.d4 Bf8g7
4.e4 d6
5.f3 O-O
6.Bc1e3 c5
7.d5 e6
8.Bf1d3 exd5
9.cxd5 Nb8d7
10.Ng1e2 Nd7e5
11.O-O a6
12.a4 Nf6d7
13.h3 Ne5xd3
14.Qd1xd3 Nd7e5
15.Qd3c2 Ra8b8
16.b3 b5
17.axb5 axb5
18.f4 Ne5d7
19.Ra1a2 b4
20.Nc3a4 Rf8e8
21.Rf1f3 Nd7f6
22.Ne2g3 Nf6xe4
23.Ng3xe4 Bc8f5
24.Qc2d2 Bf5xe4
25.Rf3f2 Be4xd5
26.Qd2xd5 Re8xe3
27.Ra2e2 Bg7d4
28.Kh2 Qd8h4
29.Qd5xd6 Rb8e8
30.Re2xe3 Re8xe3
31.Rf2f1 Qh4g3
32.Kh1 Re3e1
33.Qd6a6 Qg3f2
{ resign }
0-1

[Event "Match"]
[Site "www.echecsemail.com"]
[Date "2018.06.20"]
[Round "1"]
[White "J1j6"]
[Black "Reda"]
[WhiteElo "1809"]
[BlackElo "1680"]
[Result "1-0"]
[Round "1"]
1.e4 e5
2.Bf1c4 Ng8f6
3.Ng1f3 Nb8c6
4.Nf3g5 d5
5.exd5 Nf6xd5
6.Ng5xf7 Kxf7
7.Qd1f3 Ke6
8.Nb1c3 Qd8f6
9.Qf3xd5 Ke7
10.Nc3e4 Qf6e6
11.Qd5c5 Ke8
12.Qc5b5 Qe6g6
13.Qb5d5 Bc8f5
14.f3 Ra8d8
15.Qd5b5 Rd8b8
16.Bc4d5 Bf5e6
17.Bd5xc6 Kd8
18.d4 Qg6xg2
19.Rh1f1 Qg2xc2
20.Qb5xe5 Qc2xc6
21.Bc1g5 Bf8e7
22.Bg5xe7 Kxe7
23.Qe5xg7 Be6f7
24.Ne4g5 Qc6g6
25.Qg7e5 Bf7e6
26.Qe5xc7 Kf6
27.Ng5e4 { resign }
1-0

[Event "Match"]
[Site "www.echecsemail.com"]
[Date "2018.06.20"]
[Round "1"]
[White "Tonino1"]
[Black "Emmanuel69"]
[WhiteElo "1950"]
[BlackElo "1960"]
[Result "1-0"]
[Round "1"]
1.d4 d5
2.f4 Bc8f5
3.e3 e6
4.Bf1d3 Bf5xd3
5.cxd3 g6
6.Ng1f3 Bf8g7
7.O-O Ng8f6
8.b3 O-O
9.Bc1b2 Nb8c6
10.Nb1d2 a6
11.Ra1c1 h6
12.Nf3e5 Nc6e7
13.g4 Nf6d7
14.e4 Nd7xe5
15.fxe5 Ra8c8
16.Bb2a3 f6
17.exf6 Bg7xf6
18.e5 Bf6g5
19.Qd1e2 Rf8xf1
20.Rc1xf1 Bg5xd2
21.Qe2xd2 Kg7
22.Rf1f6 Ne7g8
23.Rf6xe6 Qd8d7
24.Re6f6 Ng8xf6
25.exf6 Kh7
26.Qd2f4 Qd7f7
27.h4 Rc8g8
28.Ba3c1 g5
29.Qf4f5 Rg8g6
30.h5 Qf7xf6
31.hxg6 Qf6xg6
32.Qf5xg6 Kxg6
33.Kg2 Kf6
34.Kf3 Ke6
35.Bc1e3 c6
36.a4 Kd6
37.Be3f2 Ke6
38.Bf2g3 Kf6
39.Bg3e5 Kf7
40.Ke2 Kg6
41.Kd2 h5
42.gxh5 Kxh5
43.Kc3 Kh4
44.Kb4 b6
45.a5 bxa5
46.Kxa5 g4
47.Kxa6 g3
48.Be5xg3 Kxg3
49.Kb6 Kf4
50.Kxc6 Ke3
51.Kxd5 Kxd3
52.b4 { resign }
1-0

[Event "Tourn. n9842"]
[Site "www.echecsemail.com"]
[Date "2018.06.20"]
[Round "1"]
[White "Bojan"]
[Black "Tonino1"]
[WhiteElo "2010"]
[BlackElo "2250"]
[Result "1-0"]
[Round "1"]
1.e4 d6
2.d4 Ng8f6
3.Nb1c3 c6
4.h3 Qd8c7
5.Bc1g5 g6
6.Qd1d2 Bf8g7
7.Ng1f3 e5
8.Bf1e2 Nb8d7
9.Ra1d1 h6
10.Bg5e3 g5
11.a3 O-O
12.Nf3h2 Rf8d8
13.dxe5 dxe5
14.Qd2c1 b6
15.b4 Bc8b7
16.f3 Nd7f8
17.Nh2f1 Rd8xd1
18.Nc3xd1 Ra8d8
19.Nf1g3 Nf8e6
20.Ng3f5 Bg7f8
21.Nd1f2 c5
22.Nf2g4 Kh7
23.Ng4xf6 Kh8
24.h4 Ne6g7
25.Nf5xh6 cxb4
26.hxg5  { time }
1-0

[Event "Match"]
[Site "www.echecsemail.com"]
[Date "2018.06.20"]
[Round "1"]
[White "Lcbunghai"]
[Black "Guidom"]
[WhiteElo "2110"]
[BlackElo "2110"]
[Result "0-1"]
[Round "1"]
1.e4 e5
2.f4 exf4
3.Ng1f3 d5
4.exd5 Qd8xd5
5.d4 Nb8c6
6.c3 Bc8g4
7.Bf1e2 Bf8d6
8.O-O O-O-O
9.c4 Qd5h5
10.a3 Bd6c5
11.Kh1 f5
12.Bc1xf4 Nc6xd4
13.Nf3xd4 Rd8xd4
14.Be2xg4 fxg4
15.Qd1c1 Ng8f6
16.b4 Bc5d6
17.Bf4xd6 Rd4xd6
18.Nb1c3 g3
19.h3 Rd6d4
20.Qc1e3 Qh5h4
21.Nc3e2 Rd4e4
22.Qe3xg3 Qh4xg3
23.Ne2xg3 Re4xc4
24.Ng3f5 Nf6h5
25.Rf1f3 g6
26.Nf5e7 Kb8
27.Ra1f1 b6
28.b5 Rc4c5
29.a4 Rh8e8
30.Ne7c6 Kb7
31.Kh2 a6
32.Rf3f8 Re8xf8
33.Rf1xf8 axb5
34.axb5 Rc5xb5
{ resign }
0-1

[Event "Match"]
[Site "www.echecsemail.com"]
[Date "2018.06.20"]
[Round "1"]
[White "Rindrandria"]
[Black "Ranjachess"]
[WhiteElo "1720"]
[BlackElo "1880"]
[Result "1-0"]
[Round "1"]
1.e4 e5
2.d3 g6
3.Qd1f3 Bf8g7
4.Bc1d2 Ng8e7
5.Qf3h3 d5
6.g4 d4
7.Bd2h6 Bc8xg4
8.Qh3xg4 Bg7xh6
9.Nb1a3 a6
10.Bf1g2 Nb8c6
11.Qg4f3 Nc6b4
12.Qf3f6 O-O
13.Qf6xe5 Ne7c6
14.Qe5g3 Qd8g5
15.Ng1f3 Qg5a5
16.O-O Rf8e8
17.h4 f5
18.e5 Nc6xe5
19.Nf3xe5 Re8xe5
20.Na3c4 f4
21.Qg3g4 Qa5c5
22.Nc4xe5 Qc5xe5
23.Rf1e1 Qe5f5
24.Qg4d1 c6
25.Bg2f3 Qf5c5
26.Re1e2 b5
27.Qd1f1 a5
28.Qf1h3 Kf8
29.Qh3d7 Nb4d5
30.Ra1e1 Nd5e3
31.fxe3 fxe3
32.Re1f1 Bh6f4
33.Bf3xc6 Ra8a7
34.Rf1xf4 Kg8
35.Bc6b7 Qc5e5
36.Qd7f7 Kh8
37.Qf7f8 
1-0

[Event "Tourn. n9801"]
[Site "www.echecsemail.com"]
[Date "2018.06.20"]
[Round "1"]
[White "Julian"]
[Black "Tonino1"]
[WhiteElo "1870"]
[BlackElo "1950"]
[Result "0-1"]
[Round "1"]
1.e4 d6
2.d4 Ng8f6
3.Nb1c3 c6
4.Ng1f3 Qd8c7
5.Bf1d3 e5
6.dxe5 dxe5
7.O-O Bf8e7
8.Bc1g5 O-O
9.Nc3e2 h6
10.Bg5h4 Bc8e6
11.Bh4g3 Nb8d7
12.c3 Ra8d8
13.Qd1b1 Nf6h5
14.Bd3c2 Nh5xg3
15.hxg3 Nd7c5
16.Rf1d1 Be6c4
17.Ne2c1 Rd8xd1
18.Bc2xd1 Rf8d8
19.Nc1e2 Bc4d3
20.Qb1c1 Nc5xe4
21.Qc1e3 Be7c5
22.Nf3d4 Bd3xe2
23.Bd1xe2 f5
24.Be2c4 Kh7
25.Qe3f3 exd4
26.Ra1d1 g6
27.cxd4 Rd8xd4
28.Rd1xd4 Bc5xd4
29.g4 Ne4xf2
30.Kf1 Nf2xg4
31.Ke2 Qc7e5
32.Kd3 { time. }
0-1

[Event "Match"]
[Site "www.echecsemail.com"]
[Date "2018.06.20"]
[Round "1"]
[White "Llord"]
[Black "Juheset"]
[WhiteElo "1930"]
[BlackElo "2010"]
[Result "1-0"]
[Round "1"]
1.e4 e5
2.Ng1f3 Nb8c6
3.Bf1c4 Bf8c5
4.Nb1c3 d6
5.d3 h6
6.O-O Ng8f6
7.Nf3e1 Nc6d4
8.Bc1e3 Nd4e6
9.Nc3d5 Nf6xd5
10.Bc4xd5 Bc5xe3
11.fxe3 c6
12.Bd5c4 Ne6g5
13.a4 O-O
14.Qd1h5 d5
15.exd5 cxd5
16.Bc4b3 Bc8e6
17.Ne1f3 Ng5xf3
18.Rf1xf3 Qd8c8
19.h3 Kh7
20.d4 exd4
21.exd4 g6
22.Qh5e5 Qc8c6
23.Ra1f1 Ra8e8
24.Qe5f6 Qc6d7
25.c3  { time }
1-0

[Event "Tourn. n9834"]
[Site "www.echecsemail.com"]
[Date "2018.06.20"]
[Round "1"]
[White "Tonino1"]
[Black "Piekki"]
[WhiteElo "2210"]
[BlackElo "2200"]
[Result "0-1"]
[Round "1"]
1.d4 Ng8f6
2.g4 Nf6xg4
3.e4 d6
4.Bf1e2 Ng4f6
5.Nb1c3 g6
6.Bc1e3 Bf8g7
7.h3 c6
8.Qd1d2 O-O
9.Be3h6 e5
10.Bh6xg7 Kxg7
11.O-O-O Qd8c7
12.f4 Nb8d7
13.fxe5 dxe5
14.Ng1f3 Rf8e8
15.d5 Nd7c5
16.d6 Qc7a5
17.Qd2e3 Bc8e6
18.a3 Ra8d8
19.Kb1 Nc5a4
20.Nc3xa4 Qa5xa4
21.Nf3g5 h6
22.Ng5xe6 Re8xe6
23.Be2f3 Re6xd6
24.Rd1xd6 Rd8xd6
25.Rh1g1 Qa4d4
26.Qe3xd4 Rd6xd4
27.Rg1e1 a5
28.Kc1 a4
29.Re1e3 c5
30.c3 Rd4d6
31.Kc2 Nf6d7
32.Bf3e2 f5
33.exf5 gxf5
34.Be2b5 f4
35.Re3f3 Nd7b6
36.h4 Kf6
37.Bb5d3 Nb6d5
38.c4 Nd5e3
39.Kc3 Rd6b6
40.Bd3e2 Rb6b3
41.Kd2 Rb3xb2
42.Ke1 Kf5
43.Kf2 e4
44.Rf3h3 Ne3xc4
45.Kf1 Nc4e3
 { time }
0-1

[Event "1/32 Finale"]
[Site "www.chess-mail.com"]
[Date "2018.06.20"]
[Round "1"]
[White "Asoka"]
[Black "Sandokam"]
[WhiteElo "2680"]
[BlackElo "2460"]
[Result "1-0"]
[Round "1"]
1.e4 c6
2.d4 d5
3.exd5 cxd5
4.Bf1d3 Nb8c6
5.c3 Qd8c7
6.h3 e5
7.dxe5 Nc6xe5
8.Bd3c2 Bf8c5
9.Nb1d2 Ng8f6
10.Nd2b3 Bc5d6
11.Nb3d4 a6
12.Ng1f3 O-O
13.Nf3xe5 Bd6xe5
14.O-O Bc8d7
15.a4 Ra8e8
16.Nd4f3 Be5d6
17.Bc1e3 Qc7c8
18.Qd1d4 Bd7f5
19.Bc2xf5 Qc8xf5
20.Ra1d1 h6
21.Rf1e1 Re8e7
22.Qd4d3 Qf5xd3
23.Rd1xd3 Rf8e8
24.Nf3d4 Bd6f4
25.Nd4c2 Re7e4
26.Re1a1 Bf4d6
27.Kf1 Re4e6
28.Nc2d4 Re6e7
29.Nd4f5 Re7e6
30.a5 Re8c8
31.Be3d4 Bd6e5
32.Ra1e1 Rc8e8
33.Bd4xe5 Re6xe5
34.Re1xe5 Re8xe5
35.g4 Kf8
36.Rd3d4 Nf6e8
37.f4 Re5e4
38.Rd4xd5 Re4xf4
39.Ke2 Rf4a4
40.b4 Ra4a2
41.Kf3 Ra2h2
42.Kg3 Rh2c2
43.Rd5d3 g6
44.Nf5xh6 Ne8f6
45.Kf3 Rc2h2
46.Kf4 Rh2g2
47.Ke5 Kg7
48.Kd6 Rg2e2
49.g5 Nf6e4
50.Kc7 Ne4xg5
51.h4 Ng5e6
52.Kxb7 Kxh6
53.Kxa6 f5
54.Kb6 { resign }
1-0

[Event "1/32 Finale"]
[Site "www.chess-mail.com"]
[Date "2018.06.20"]
[Round "1"]
[White "Julian"]
[Black "Piekki"]
[WhiteElo "1900"]
[BlackElo "2210"]
[Result "0-1"]
[Round "1"]
1.d4 Ng8f6
2.c4 e6
3.Nb1c3 Bf8b4
4.f3 d5
5.cxd5 exd5
6.e3 O-O
7.Bf1d3 Rf8e8
8.Ng1e2 c5
9.O-O Nb8c6
10.a3 Bb4a5
11.dxc5 Ba5xc3
12.Ne2xc3 d4
13.exd4 Qd8xd4
14.Kh1 Nc6e5
15.Bd3b5 Re8d8
16.Qd1xd4 Rd8xd4
17.Nc3e4 Nf6xe4
18.fxe4 Rd4xe4
19.Bc1d2 Ne5g6
20.Bd2c3 Re4f4
21.Rf1xf4 Ng6xf4
22.Ra1d1 Bc8e6
23.c6 bxc6
24.Bb5xc6 Ra8c8
25.Bc6d7 { time. }
0-1

[Event "1/128 Finale"]
[Site "www.chess-mail.com"]
[Date "2018.06.20"]
[Round "1"]
[White "Julian"]
[Black "Reda"]
[WhiteElo "1880"]
[BlackElo "1700"]
[Result "0-1"]
[Round "1"]
1.d4 d5
2.c4 e6
3.Nb1c3 Bf8b4
4.Ng1f3 Ng8f6
5.Bc1g5 O-O
6.e3 h6
7.Bg5h4 Bb4xc3
8.bxc3 dxc4
9.Bf1xc4 Nb8c6
10.O-O Rf8e8
11.Rf1e1 g5
12.Bh4g3 Nf6e4
13.Qd1c2 { time. }
0-1

[Event "1/128 Finale"]
[Site "www.chess-mail.com"]
[Date "2018.06.20"]
[Round "1"]
[White "0vespertine0"]
[Black "Mitja"]
[WhiteElo "1809"]
[BlackElo "1990"]
[Result "0-1"]
[Round "1"]
1.f4 d5
2.Ng1f3 e6
3.e3 c6
4.b3 h6
5.Bc1b2 Ng8f6
6.Bf1e2 b6
7.O-O Bc8b7
8.Nb1c3 Bf8d6
9.a3 Bd6c7
10.a4 a5
11.Qd1e1 Nb8d7
12.h3 Nd7c5
13.Kh2 O-O
14.g4 Nf6e4
15.Nc3xe4 Nc5xe4
16.d3 Ne4g5
17.Nf3xg5 Qd8xg5
18.Kg2 Qg5d8
19.Qe1c3 f6
20.h4 Rf8f7
21.g5 c5
22.Be2h5 d4
{ resign }
0-1

[Event "Tourn. n9790"]
[Site "www.chess-mail.com"]
[Date "2018.06.21"]
[Round "1"]
[White "Danquigley"]
[Black "Aniruddhadg"]
[WhiteElo "2640"]
[BlackElo "2520"]
[Result "1/2-1/2"]
[Round "1"]
1.c4 c5
2.g3 Nb8c6
3.Bf1g2 g6
4.Nb1c3 Bf8g7
5.a3 d6
6.Ra1b1 a5
7.Ng1f3 e6
8.O-O Ng8e7
9.e3 O-O
10.d4 cxd4
11.exd4 d5
12.b3 b6
13.Rf1e1 Bc8a6
14.cxd5 Ne7xd5
15.Nc3xd5 exd5
16.Bc1f4 Rf8e8
17.Nf3e5 Ba6b7
18.h4 Nc6xe5
19.Bf4xe5 Qd8d7
20.Qd1d2 f6
21.Be5f4 Bg7f8
22.Re1c1 Ra8c8
23.Rc1xc8 Re8xc8
24.b4 axb4
25.axb4 Bb7a6
26.b5 Ba6xb5
27.Qd2e3 Rc8e8
28.Qe3f3 Bb5c4
29.Rb1xb6 Re8e6
30.Rb6b1 Re6e8
31.Qf3d1 Qd7a7
32.Kh2 Kh8
33.Rb1a1 Qa7d7
34.Bg2f3 Kg8
35.Qd1h1 { draw }
1/2-1/2

[Event "Tourn. n9787"]
[Site "www.chess-mail.com"]
[Date "2018.06.21"]
[Round "1"]
[White "Osopanda"]
[Black "Ditto"]
[WhiteElo "1870"]
[BlackElo "1790"]
[Result "1-0"]
[Round "1"]
1.d4 d5
2.c4 c6
3.Ng1f3 Bc8f5
4.Nb1c3 Ng8f6
5.cxd5 cxd5
6.g3 e6
7.Bf1g2 Bf8b4
8.O-O O-O
9.Nf3h4 Nf6g4
10.Nh4xf5 exf5
11.h3 Ng4f6
12.Bc1g5 Qd8d6
13.Bg5f4 Qd6e6
14.f3 Nb8d7
15.e4 fxe4
16.fxe4 dxe4
17.Bf4e5 Nd7xe5
18.dxe5 Qe6xe5
19.Ra1c1 Qe5xg3
20.Rf1xf6 gxf6
21.Nc3xe4 Qg3e3
22.Kh1 Bb4e7
23.Qd1g4 Kh8
24.Rc1f1 Ra8b8
25.Ne4xf6 Be7xf6
26.Rf1xf6 Rf8g8
27.Qg4f3 Qe3c1
28.Kh2 Qc1xb2
29.Rf6xf7 Qb2e5
30.Kh1 b5
31.Qf3d3 Qe5h5
32.Qd3d4 { resign }
1-0

[Event "Tourn. n9842"]
[Site "www.echecsemail.com"]
[Date "2018.06.21"]
[Round "1"]
[White "Gegonz"]
[Black "Bojan"]
[WhiteElo "2150"]
[BlackElo "2010"]
[Result "1-0"]
[Round "1"]
1.Ng1f3 g6
2.g3 Bf8g7
3.Bf1g2 Nb8c6
4.c4 e6
5.Nb1c3 Nc6e5
6.Nf3xe5 Bg7xe5
7.d4 Be5g7
8.O-O c6
9.e4 d6
10.Bc1e3 e5
11.dxe5 Bg7xe5
12.Qd1d3 f5
13.f4 Be5f6
14.Ra1d1 Ke7
15.e5 Bf6g7
16.exd6 Ke8
17.Rf1e1 Kf7
18.d7 Ng8e7
19.Be3c5 Bg7f6
20.Qd3d6 b6
21.Qd6e6 { resign }
1-0

[Event "Tourn. n9842"]
[Site "www.echecsemail.com"]
[Date "2018.06.21"]
[Round "1"]
[White "Piekki"]
[Black "Tonino1"]
[WhiteElo "2250"]
[BlackElo "2250"]
[Result "1-0"]
[Round "1"]
1.e4 d6
2.d4 Ng8f6
3.Nb1c3 c6
4.g3 Qd8c7
5.Bf1g2 e5
6.Ng1e2 g6
7.O-O Bf8g7
8.f4 exd4
9.Ne2xd4 Qc7b6
10.Kh1 O-O
11.Bc1e3 Nf6g4
12.Be3g1 Qb6xb2
13.Qd1d2 Qb2a3
14.Ra1b1 Qa3a5
15.Rb1b3 Nb8a6
16.h3 Ng4h6
17.Bg1e3 f6
18.e5 dxe5
19.fxe5 fxe5
20.Rf1xf8 Kxf8
21.Nd4xc6 bxc6
22.Bg2xc6 Ra8b8
23.Qd2d6 Kg8
24.Bc6d5 Nh6f7
25.Rb3xb8 Na6xb8
26.Qd6e7  { time }
1-0

[Event "Match"]
[Site "www.echecsemail.com"]
[Date "2018.06.21"]
[Round "1"]
[White "Mdesouza"]
[Black "Tonino1"]
[WhiteElo "2310"]
[BlackElo "1950"]
[Result "0-1"]
[Round "1"]
1.e4 d6
2.d4 Ng8f6
3.Nb1c3 g6
4.Bf1e2 Bf8g7
5.Bc1e3 O-O
6.h4 h5
7.Ng1h3 Nf6g4
8.Be3g5 f6
9.Bg5c1 c6
10.f3 Ng4h6
11.Be2c4 Kh7
12.Bc1e3 Qd8c7
13.Qd1d2 e5
14.Nh3f2 b5
15.Bc4b3 a5
16.a3 Bc8a6
17.Nc3e2 Nb8d7
18.Ra1d1 Ra8d8
19.O-O b4
20.axb4 axb4
21.Rf1e1 c5
22.dxc5 dxc5
23.Qd2d6 Qc7xd6
24.Rd1xd6 Ba6xe2
25.Re1xe2 Nd7b8
26.Be3xc5 Nh6f7
27.Bb3xf7 Rd8xd6
28.Bc5xd6 Rf8d8
29.Bd6xb4 Nb8c6
30.Bb4a3 Nc6d4
31.Re2d2 Nd4xf3
32.gxf3 Rd8xd2
 { time }
0-1